000 00949nam a2200277Ia 4500
003 OSt
005 20221005104449.0
006 a|||||r|||| 00| 0
007 ta
008 221004b |||||||| |||| 00| 0 hin d
020 _a8181660609 (hbk)
_cIndian Rupees 200
024 _a33864
037 _bGift, 05/10/2017,
_cTextual
040 _aCRL
_cCRL
_bhin
041 _2hin
_ahin
082 _aO152,1N50:g, P4
100 _aनागर, विष्णु, ले.
245 0 _aकविता के साथ-साथ
246 _aKavitā ke sātha-sātha
260 _aदिल्ली
_bमेधा बुक्स भारत
_c2004
300 _a212पृ0
_ccm.
650 _a हिन्दी साहित्य
650 _aहिन्दी कविता
942 _hO152,1N50:g, P4
_cTEXL
_2cc
999 _c1012788
_d1012788